Utilización de componentes de azufre para el mejoramiento estructural de suelos /

Guardado en:
Autor Principal: Concaret, J.
Formato: Libro
Idioma:Spanish
Publicado: Dijon : INRA, 1981.
Etiquetas: Agregar Etiqueta
Sin Etiquetas, Sea el primero en etiquetar este registro!
LEADER 00438nam a22001335a 4500
001 EEA.libagro004341
005 20181129110125.0
008 130809s1981####fr############000#0#spa#d
082 0 4 |a 631.825 
100 1 |a Concaret, J. 
245 1 0 |a Utilización de componentes de azufre para el mejoramiento estructural de suelos /  |c J. Concaret. 
260 |a Dijon :  |b INRA,  |c 1981. 
300 |a 9h ;  |c 28 cm. 
859 |a AR-BbBCA  |b BIB. AGRONOMIA  |h 631.825  |i C744  |p 1990/1583